Beaming in the future = Ďalší rozvoj spracovania materiálu elektrónovým a laserovým lúčom /

Enregistré dans:
Détails bibliographiques
Auteur principal: Houldcroft, P (Auteur)
Autres auteurs: Karaffa (Traducteur)
Format: Livre
Langue:multilingue
Publié: Bratislava : SlTK-Centrum VTI SR, 1990
Sujets:
Tags: Ajouter un tag
Pas de tags, Soyez le premier à ajouter un tag!

MARC

LEADER 00000nam a22000003a 4500
001 stu36961
005 20150617225727.3
008 920625s1990----cs------------------mul-d
040 |a STU  |b slo 
041 0 |a mul 
044 |a cs 
080 |a 621.375.826  |7 stu_us_auth*stu9916 
080 |a 621.385.82 
100 1 |a Karaffa  |4 trl 
245 1 |a Beaming in the future = Ďalší rozvoj spracovania materiálu elektrónovým a laserovým lúčom /  |c [aut.]P. Houldcroft; Z angl. Karaffa 
260 |a Bratislava :  |b SlTK-Centrum VTI SR,  |c 1990 
300 |a 7 s 
500 |a In:Metal Construction, 1987, 19, s.146-148,Anglicko 
650 7 |a Lúče laserové  |2 stusub 
650 7 |a preklady  |2 stusub 
650 7 |a lúče elektrónové  |2 stusub 
700 1 |a Houldcroft, P  |4 aut 
996 |b MP 72  |c M*P-72  |l MMKN  |s A  |a 24  |w stu36961_0001